Guess the Place from the Mandarin Name - Statistics

General Stats
  • This quiz has been taken 119 times
  • The average score is 25 of 40
Answer Stats
Type Pinyin Answer % Correct
City dí bài Dubai
91%
Country ā gēn tíng Argentina
87%
Country ài ěr lán Ireland
87%
City lún dūn London
87%
Country lì bǐ yà Libya
85%
City mài ā mì Miami
85%
Country mǎ lái xī yà Malaysia
83%
Country fēn lán Finland
81%
Country mó nà gē Monaco
81%
Country bō lán Poland
81%
Country tǔ ěr qí Turkey
81%
City bā sài luó nà Barcelona
79%
Country kǎ tǎ ěr Qatar
79%
Country luó mǎ ní yà Romania
79%
City bó lín Berlin
77%
Country yìn dù India
74%
Country yìn dù ní xī yà Indonesia
74%
Country nuó wēi Norway
74%
Country yì dà lì Italy
72%
Country lā tuō wéi yà Latvia
68%
City mǎ dé lǐ Madrid
68%
Country sī luò wén ní yà Slovenia
64%
City kāi luó Cairo
62%
City hé nèi Hanoi
62%
City luó mǎ Rome
60%
Country xīn jiā pō Singapore
57%
City huá shèng dùn Washington D.C.
57%
City xiāng gǎng Hong Kong
55%
City bù yí nuò sī ài lì sī Buenos Aires
51%
City luò shān jī Los Angeles
47%
City ào sī lù Oslo
43%
City shèng bǎo luó São Paulo
36%
City xī ní Sydney
36%
City huá shā Warsaw
36%
City kāi pǔ dūn Cape Town
34%
Country shā tè ā lā bó Saudi Arabia
34%
Country yī lǎng Iran
32%
City shǒu ěr Seoul
30%
Country āi sài é bǐ yà Ethiopia
28%
City mèng mǎi Mumbai
28%
No matching quizzes found
Score Distribution
Percent of People with Each Score
Percentile by Number Answered
Your Score History
You have not taken this quiz